| 000 | 00829pam a2200277 a 4500 | ||
|---|---|---|---|
| 001 | 4715987 | ||
| 003 | BD-DhUL | ||
| 005 | 20170424135209.0 | ||
| 008 | 831006s1984 nyua b 001 0beng | ||
| 010 | _a 83040222 | ||
| 020 | _a0670361968 | ||
| 040 |
_aDLC _cDLC _dBD-DhUL |
||
| 050 | 0 | 0 |
_aE814 _b.F48 1984 |
| 082 |
_a973.918 _bTRU |
||
| 100 | 1 | _aFerrell, Robert H. | |
| 245 | 1 | 0 |
_aTruman, a centenary remembrance / _cRobert H. Ferrell. |
| 260 |
_aNew York : _bViking Press, _c1984. |
||
| 300 |
_a256 p. : _bill. ; _c26 cm. |
||
| 500 | _aHalf title: Truman. | ||
| 504 | _aIncludes bibliographical references and index. | ||
| 600 | 1 | 0 |
_aTruman, Harry S., _d1884-1972. |
| 650 | 0 |
_aPresidents _zUnited States _xBiography. |
|
| 740 | 0 | _aTruman. | |
| 906 |
_a7 _bcbc _corignew _d1 _eocip _f19 _gy-gencatlg |
||
| 942 |
_2ddc _cBK |
||
| 999 |
_c192653 _d192653 |
||